Thermal analysis of high polymers (Record no. 21836)

MARC details
000 -LEADER
fixed length control field 00381nam a2200145Ia 4500
082 ## - DEWEY DECIMAL CLASSIFICATION NUMBER
Classification number 678:536
Item number BAC
245 #0 - TITLE STATEMENT
Title Thermal analysis of high polymers
260 ## - PUBLICATION, DISTRIBUTION, ETC. (IMPRINT)
Place of publication New York
Name of publisher Interscience
Year of publication 1964
650 ## - SUBJECT ADDED ENTRY--TOPICAL TERM
Topical Term High polymers
650 ## - SUBJECT ADDED ENTRY--TOPICAL TERM
Topical Term Polyurethane elastomers
650 ## - SUBJECT ADDED ENTRY--TOPICAL TERM
Topical Term Thermal analysis
700 ## - ADDED ENTRY--PERSONAL NAME
Personal name Bacon, K E
942 ## - ADDED ENTRY ELEMENTS (KOHA)
Koha item type Books
Holdings
Withdrawn status Lost status Damaged status Not for loan Home library Current library Date acquired Cost, normal purchase price Full call number Accession Number Koha item type
        RRII Library RRII Library 16/12/2021 79.60 678:536 BAC 02553 Books